Estadísticas para Máximos goleadores en la historia del A. S. Roma

Haz click aquí para intentar la prueba.

Estadísticas generales

  • Esta prueba ha sido intentada 11 veces
  • La puntuación promedio es 2 de 10

Estadísticas de respuestas

GolesNacionalidadJugador% Correcto
119Bosnia y HerzegovinaEdin Džeko
100%
307ItaliaFrancesco Totti
100%
83ItaliaMarco Delvecchio
10%
87ArgentinaAbel Balbo
0%
111ItaliaAmedeo Amadei
0%
75ItaliaGiuseppe Giannini
0%
76ArgentinaPedro Waldemar Manfredini
0%
138ItaliaRoberto Pruzzo
0%
106ItaliaRodolfo Volk
0%
94ItaliaVincenzo Montella
0%

Distribución de puntuación

Porcentaje por número respondido

Porcentaje de gente con cada puntuación

Historial de tus puntuaciones

No has intentado esta prueba.